MARC details
| 000 -LEADER |
| fixed length control field |
01401 am a2200373 a 4500 |
| 001 - CONTROL NUMBER |
| control field |
vtls000896221 |
| 003 - CONTROL NUMBER IDENTIFIER |
| control field |
NLI |
| 005 - DATE AND TIME OF LATEST TRANSACTION |
| control field |
20210627083534.0 |
| 008 - FIXED-LENGTH DATA ELEMENTS--GENERAL INFORMATION |
| fixed length control field |
110606s2010 ii e 000 j eng d |
| 020 ## - INTERNATIONAL STANDARD BOOK NUMBER |
| International Standard Book Number |
9789380658247 (pbk.) |
| Terms of availability |
Rs. 295.00 |
| 039 #9 - LEVEL OF BIBLIOGRAPHIC CONTROL AND CODING DETAIL [OBSOLETE] |
| Level of rules in bibliographic description |
201106061900 |
| Level of effort used to assign nonsubject heading access points |
prasenjits |
| -- |
201106061856 |
| -- |
prasenjits |
| 040 ## - CATALOGING SOURCE |
| Original cataloging agency |
NLI |
| -- |
eng |
| 041 0# - LANGUAGE CODE |
| Language code of text/sound track or separate title |
eng |
| 044 ## - COUNTRY OF PUBLISHING/PRODUCING ENTITY CODE |
| MARC country code |
ii |
| 082 04 - DEWEY DECIMAL CLASSIFICATION NUMBER |
| Classification number |
823.010892051 |
| Edition number |
22 |
| 130 0# - MAIN ENTRY--UNIFORM TITLE |
| Uniform title |
Chicken soup for the soul. |
| Form subheading |
Selections |
| 9 (RLIN) |
852582 |
| 245 10 - TITLE STATEMENT |
| Title |
Chicken soup for the soul : |
| Remainder of title |
Indian fathers : 101 stories to open the hearts and rekindle the spirits of fathers / |
| Statement of responsibility, etc. |
[compiled by] Jack Canfield, Mark Victor Hansen, Raksha Bharadia |
| 246 30 - VARYING FORM OF TITLE |
| Title proper/short title |
Indian fathers |
| 260 ## - PUBLICATION, DISTRIBUTION, ETC. |
| Place of publication, distribution, etc. |
Chennai : |
| Name of publisher, distributor, etc. |
Westland, |
| Date of publication, distribution, etc. |
2010 |
| 300 ## - PHYSICAL DESCRIPTION |
| Extent |
xii, 337 p. ; |
| Dimensions |
22 cm. |
| 650 #0 - SUBJECT ADDED ENTRY--TOPICAL TERM |
| Topical term or geographic name entry element |
Fathers |
| Geographic subdivision |
India |
| Form subdivision |
Literary collections |
| 9 (RLIN) |
852583 |
| 650 #0 - SUBJECT ADDED ENTRY--TOPICAL TERM |
| Topical term or geographic name entry element |
Fathers |
| Geographic subdivision |
India |
| Form subdivision |
Anecdotes |
| 9 (RLIN) |
852584 |
| 700 1# - ADDED ENTRY--PERSONAL NAME |
| Personal name |
Canfield, Jack, |
| Dates associated with a name |
1944-, |
| Relationship |
com |
| 9 (RLIN) |
754732 |
| 700 1# - ADDED ENTRY--PERSONAL NAME |
| Personal name |
Bharadia, Raksha, |
| Relationship |
com |
| 9 (RLIN) |
829192 |
| 700 1# - ADDED ENTRY--PERSONAL NAME |
| Personal name |
Hansen, Mark Victor, |
| Dates associated with a name |
1944-, |
| Relationship |
com |
| 9 (RLIN) |
852585 |
| 887 ## - NON-MARC INFORMATION FIELD |
| Content of non-MARC field |
prasenjit |
| 901 ## - LOCAL DATA ELEMENT A, LDA (RLIN) |
| a |
DB122249 : |
| b |
29.1.11 |
| 902 ## - LOCAL DATA ELEMENT B, LDB (RLIN) |
| a |
E 823.010892051 C 432 |
| 904 ## - LOCAL DATA ELEMENT D, LDD (RLIN) |
| a |
prasenjit |
| 949 ## - LOCAL PROCESSING INFORMATION (OCLC) |
| -- |
VIRTUAITEM |
| -- |
10000 |
| -- |
100 |
| 6 |
DBA000122249ENG |
| 942 ## - ADDED ENTRY ELEMENTS (KOHA) |
| Source of classification or shelving scheme |
Dewey Decimal Classification |
| Koha item type |
Books |